| 000 | 00350nam a2200133Ia 4500 | ||
|---|---|---|---|
| 005 | 20260328101517.0 | ||
| 008 | 260328s9999||||xx |||||||||||||| ||und|| | ||
| 100 | _aMoreno Gómez, Aníbal | ||
| 245 | 0 |
_aManifiesto del Nuevo espiritu / _cAníbal Moreno Gómez |
|
| 260 | _bEscala | ||
| 300 | _a48 p. | ||
| 650 | _aARQUITECTURA - ELEMENTOS | ||
| 942 | _cBK | ||
| 999 |
_c9442 _d9442 |
||